| 000 | 00579nam a2200241Ia 4500 | ||
|---|---|---|---|
| 999 |
_c3161 _d3161 |
||
| 003 | 0100 | ||
| 008 | 130227s9999 xx 000 0 und d | ||
| 020 | _a8880290355 | ||
| 040 | _cARRUPELIB | ||
| 050 | _aDT63.C436 | ||
| 100 |
_aChalaby, Abbas _939058 |
||
| 245 |
_aAll of Egypt: _bfrom Cairo to Abu Simbel and Sinai: English edition / |
||
| 250 | _a2nd edition | ||
| 260 |
_aFlorence _bBonechi _c1993 |
||
| 300 | _a126p | ||
| 300 | _b 26cm | ||
| 650 |
_aEgypt _xAntiquities _924091 |
||
| 700 |
_aMagi, Giovanni (ed) _939059 |
||
| 942 |
_2lcc _cMONOGRAPH |
||